000 00878nam a2200241Ia 4500
001 19501
003 GE_BSU
008 181216s||||||||xx |||||||||||||| ||und||
020 _aISBN 5-520-00605-9
040 _cGE_BSU
080 _a811.353.1'282
245 _aდიალექტოლოგიური კრებული
245 _c[სარედ. კოლ.: თ. უთურგაიძე (პასუხ. რედ.) და სხვ.]
260 _aთბილისი
260 _bმეცნიერება
260 _c1991
300 _a176გვ;20სმ
300 _bრეზ. რუს. ენ.. - ბიბლიოგრ. ტექსტის შენიშვნ.
541 _h4ლ.
653 _aქართული ენა
653 _aქართული ენის დიალექტები;
942 _cBK
999 _c52478
_d52478